| 000 | 00000nam##2200000za#4500 |
| 001 | 9.566431 |
| 003 | CaOODSP |
| 005 | 20210624180303 |
| 007 | cr ||||||||||| |
| 008 | 150406|2006||||xxc|||||o f|0| 0 eng|d |
| 040 | |aCaOODSP|beng |
| 043 | |an-cn--- |
| 086 | 1 |aTU3-5/06-2E-PDF |
| 110 | 2 |aTransportation Safety Board of Canada. |
| 245 | 10|aMid-air collision between Cessna 172P C-GFGD and Cessna 182T C-GCHN, Caledon, Ontario, 1 nm W, 04 August 2006 |h[electronic resource] |
| 260 | |aGatineau - Quebec : |bTransportation Safety Board of Canada |c[2008]. |
| 300 | |a24p.|bfigs., illus., references, table, photographs |
| 490 | 1 |aAviation investigation report |vA06O0206 |
| 500 | |aThe catalogue number (TU3-5/06-2E) and ISBN (978-1-100-10120-0) for the print edition have been incorrectly copied in this PDF edition. |
| 504 | |aBibliography. |
| 590 | |a10-05-Supp|b2010-07-20 |
| 690 | 07|aAircraft accidents|2gcpds |
| 775 | 08|tCollision en vol entre le Cessna 172P C-GFGD et le Cessna 182T C-GCHN à 1 nm à l'ouest de Caledon (Ontario), le 4 août 2006 |w(CaOODSP)9.597915 |
| 830 | #0|aAviation investigation report ;|vA06O0206|w(CaOODSP)9.504825 |
| 856 | 40|ahttp://publications.gc.ca|qPDF|s638 KB|uhttps://publications.gc.ca/collections/collection_2009/bst-tsb/TU3-5-06-2E.pdf|yA06O0206 |